000
00239nam a2200097Ia 4500
008
170619s9999 xx 000 0 und d
100
_a
SINGH- N.B.
245
0
_a
INTRO. TO POLYMER AND TECHNOLOGY
260
_b
New Age International
260
_c
2011
546
_a
ENGLISH
999
_c
19182
_d
19182